[Event "Chubut-ch"]
[Site "Puerto Madryn"]
[Date "2019.11.16"]
[Round "3.6"]
[White "Ipuche, Andres"]
[Black "Flores, Enzo"]
[Result "0-1"]
[WhiteElo "1674"]
[BlackElo "1372"]
[PlyCount "80"]
[EventDate "2019.11.15"]
[EventType "swiss"]
[EventRounds "7"]
[EventCountry "ARG"]
[SourceTitle "EXT 2024"]
[Source "ChessBase"]
[SourceDate "2023.10.10"]
[SourceVersion "1"]
[SourceVersionDate "2023.10.10"]
[SourceQuality "1"]

1. Nf3 Nf6 2. b3 g6 3. Bb2 Bg7 4. d4 0-0 5. e3 d6 6. Be2 Nc6 7. 0-0 a6 8. c4 Re8 9. d5 Na7 10. Nc3 c5 11. Re1 Bd7 12. Bd3 b5 13. Qc2 bxc4 14. Bxc4 Bb5 15. Nxb5 axb5 16. Bf1 Nxd5 17. Bxg7 Kxg7 18. Red1 Nf6 19. Rac1 Qa5 20. Qb2 Kg8 21. Rc2 Nc6 22. Ra1 Nb4 23. Re2 Qa3 24. Qb1 Nfd5 25. Qe1 c4 26. Nd4 Rab8 27. Nc2 Nxc2 28. Rxc2 cxb3 29. axb3 Qxb3 30. Rcc1 Nf6 31. Rab1 Qa4 32. Ra1 Qb3 33. Rab1 Qd5 34. Rd1 Qe5 35. Be2 Rb7 36. Rd4 Reb8 37. Rdb4 Nd5 38. Rxb5 Rxb5 39. Rxb5 Rxb5 40. Bxb5 Nxe3 0-1

[Event "Chubut-ch"]
[Site "Puerto Madryn"]
[Date "2019.11.15"]
[Round "1.7"]
[White "Moreno Perez, Tobias Sebastian"]
[Black "Flores, Enzo"]
[Result "1-0"]
[WhiteElo "1815"]
[BlackElo "1372"]
[PlyCount "37"]
[EventDate "2019.11.15"]
[EventType "swiss"]
[EventRounds "7"]
[EventCountry "ARG"]
[SourceTitle "EXT 2024"]
[Source "ChessBase"]
[SourceDate "2023.10.10"]
[SourceVersion "1"]
[SourceVersionDate "2023.10.10"]
[SourceQuality "1"]

1. Nf3 Nf6 2. c4 g6 3. Nc3 Bg7 4. g3 0-0 5. Bg2 d6 6. 0-0 Nc6 7. d3 e5 8. Rb1 Nh5 9. Bg5 f6 10. Bd2 f5 11. b4 f4 12. Ne4 h6 13. e3 g5 14. b5 Ne7 15. Nfxg5 Nxg3 16. fxg3 hxg5 17. Nxg5 fxg3 18. Qh5 gxh2+ 19. Kh1 1-0